000 00245nam a22000857a 4500
008 161205b xxu||||| |||| 00| 0 eng d
100 _91807
_aSingh.M
245 _aRefresher Course in Mathematics part-II
260 _aNEW DELHI
_bDHANPAT RAJ'S SONS
_c1995
999 _c4541
_d4541